000 00771nam a2200217Ii 4500
003 JO-AjNU
008 230605s9999||||xx |||||||||||||| ||und||
017 _a2000/10/2921
040 _aJO-AjNU
_bara
_erda
_cJO-AjNU
041 _aara
050 1 4 _aDS62.8.2002
100 3 _aأبو غزالة، حسن عقيل,
_eauthor
_941424
245 0 0 _aالحركات الأصولية والإرهاب في الشرق الأوسط (إشكالية العلاقة)
250 _aط1
264 3 1 _aعمان: دار الفكر، 2002
300 _a376ص
336 _atext
_btxt
_2rdacontent
337 _aunmediated
_bn
_2rdamedia
338 _avolume
_bnc
_2rdacarrier
650 4 _aالسياسة الدولية- الشرق الاوسط- العلاقات الدولية
_941425
999 _aA17660
_c21228
_d21228